Estatuts del Patronat de la Casa dels Nens
Descripción Física:
14 p. ; 16 cm
Otros Autores:
Patronat de l'Escola Casa dels Nens de Vilanova i Geltrú
MARC
| LEADER | 00000nam a2200000Ia 4500 | ||
|---|---|---|---|
| 001 | 21800 | ||
| 008 | 160829s9999 xx 000 0 cat d | ||
| 080 | |a 3739, exp. 20 | ||
| 245 | |a Estatuts del Patronat de la Casa dels Nens | ||
| 260 | |a Vilanova i Geltrú : |b Imp. Social, [1923] | ||
| 300 | |a 14 p. ; |c 16 cm | ||
| 650 | |a Patronat de l'Escola Casa dels Nens de Vilanova i Geltrú |9 48354 | ||
| 650 | |a Montessori, Mètode de |x Barcelona |9 47357 | ||
| 700 | |a Patronat de l'Escola Casa dels Nens de Vilanova i Geltrú |9 48355 | ||
| 901 | |a Arxiu | ||
| 942 | |n 1 | ||
| 952 | |0 0 |1 0 |4 0 |6 3739_EXP_20 |7 1 |9 54489 |a Arxiu |b Arxiu |d 2016-12-01 |l 0 |o 3739, exp. 20 |p 21800 |r 2016-12-01 00:00:00 |w 2016-12-01 |y ARXIU | ||
| 999 | |c 58358 |d 58358 | ||